header

Implementing problem-based medical education (Record no. 24667)

MARC details
000 -LEADER
fixed length control field 01663nam a2200385Ia 4500
082 04 - DEWEY DECIMAL CLASSIFICATION NUMBER
Classification number 610/.7/11
245 00 - TITLE STATEMENT
Title Implementing problem-based medical education
260 ## - PUBLICATION, DISTRIBUTION, ETC. (IMPRINT)
Place of publication New York :
Name of publisher Springer Pub. Co.,
Year of publication c1985.
300 ## - PHYSICAL DESCRIPTION
Number of Pages xxiii, 276 p. :
Other physical details ill.
490 1# - SERIES STATEMENT
Series statement Springer series on medical education ;
650 #0 - SUBJECT ADDED ENTRY--TOPICAL TERM
Topical Term Clinical medicine
Topical Term Educational innovations.
Topical Term Medical logic
Topical Term Medical sciences
700 1# - ADDED ENTRY--PERSONAL NAME
Personal name Kaufman, Arthur,
856 40 - ELECTRONIC LOCATION AND ACCESS
Uniform Resource Identifier http://site.ebrary.com/lib/rucke/Doc?id=10265245

No items available.

© 2026 Rongo University
Contact us: librarian | system librarian | Rongo university